MDQL
is popping MORE tags! Check the
thread
!
Quizzes
Events
Quiz Creation
Community
Videos
Private Events
Remove Ads
Sign In
Join for FREE
Feedback
Dark Mode
Quiz Categories
Sports
Geography
Music
Movies
Television
Just For Fun
Miscellaneous
History
Literature
Language
Science
Gaming
Entertainment
Religion
Holiday
For Kids
Quiz Lab
Recent
Popular Today
Quiz Kudos Today
Editor Picks
Curator Picks
Quizzes by...
Day
Popularity
Type
Ratings
Length
Year
Community
Subscriptions
Recent Discussions
Orange Saloon
Badges
Playlists
Quests
Create
Leaderboards
Showdown
Live 5
Trivia Bingo
Activity
Puzzle Library
Sporcle Events
Private Events
Virtual Trivia
Globe League
Become a Host
Pub Owners
SporcleCon
Opinionation
Our Games
Videos
Blog
Mobile Apps
Partnerships
Remove Ads and Go Orange
Feedback
Gaming
Video Games
Board Games
Card Games
Pokémon
Mario
Nintendo
Minecraft
Console
Toys
Legend of Zelda
Gaming
Video Games
Board Games
Card Games
Pokémon
Mario
Nintendo
Minecraft
Console
Toys
Legend of Zelda
Random Quiz
Search Sporcle
×
Quiz Lab
Quiz Lab
Gaming
Rock
Type in answers that appear in a list
Type in answers that appear in a list
Classic
Best Score? Go Orange.
Lego Rock Band Songs Stats
Can you name the songs featured on Lego Rock Band?
By
mambo5
10m
45 Questions
103 Plays
103 Plays
103 Plays
Comments
Comments
Give Quiz Kudos
Give Quiz Kudos
-
- Ratings
hide this ad
Replay
Link that replays current quiz
Next Quiz
Link to next quiz in quiz playlist
You Got
0%
They Got
Avg Score
42%
Avg Friend Score
Upgrade to see
Score Distribution
Jump to the score distribution portion of the page
Score
0/45
Timer
10:00
0
Plays Today
Artist
Song
% Correct
Queen
We Will Rock You
72.8%
Queen
We Are The Champions
65%
Europe
The Final Countdown
63.1%
Ray Parker Jr
Ghostbusters
61.2%
Bon Jovi
You Give Love a Bad Name
58.3%
Tom Petty
Free Fallin
58.3%
P!nk
So What
57.3%
Elton John
Crocodile Rock
52.4%
Katrina and the Waves
Walking on Sunshine
52.4%
Carl Douglas
Kung Fu Fighting
51.5%
All American Rejects
Swing Swing
50.5%
Rascal Flatts
Life is a Highway
49.5%
The Automatic
Monster
48.5%
Blink-
182
Aliens Exist
48.5%
Blur
Song 2
48.5%
David Bowie
Let's Dance
47.6%
KT Tunstall
Suddenly I See
45.6%
Spin Doctors
Two Princes
44.7%
Bryan Adams
Summer of '69
43.7%
Counting Crows
Accidentally in Love
43.7%
Jackson 5
I Want You Back
43.7%
Sum 41
In Too Deep
42.7%
The Hives
Tick Tick Boom
41.7%
Artist
Song
% Correct
Lost Prophets
Rooftops
39.8%
Jimi Hendrix
Fire
38.8%
Kaiser Chiefs
Ruby
38.8%
We the Kings
Check Yes Juliet
37.9%
The Police
Every Little Thing She Does is Magic
36.9%
Boys Like Girls
Thunder
35.9%
Vampire Weekend
A-Punk
35.9%
The Kooks
Naive
34%
KoRn
Word Up
34%
Iggy Pop
The Passenger
34%
Incubus
Dig
34%
Good Charlotte
Girls and Boys
33%
Supergrass
Grace
33%
Foo Fighters
Breakout
32%
T-
Rex
Ride a White Swan
30.1%
The Zutons
Valerie
30.1%
The Primitives
Crash
29.1%
The Coral
Dreaming of You
26.2%
Everlife
Real Wild Child
26.2%
Spinal Tap
Short and Sweet
26.2%
Steve Harly
Make Me Smile
22.3%
Razorlight
Stumble and Fall
15.5%
Quiz Playlist
Details
Report
Send in Message
Add To Playlist
Classic:
Type in answers that appear in a list
Quiz Source
Last Updated: Feb 16, 2017
Quiz Scoreboard
CHALLENGE
Sign Up to Join the Scoreboard
Show All
Scores
Hide
Comments
May contain spoilers
Recently Published
1-10 Letter E Words III
by El_Dandy
Language
2m
Street Fighter Characters
by Artimus82
Gaming
60s
College Basketball Coaching Resumes
by pancakes188
Sports
9m
More to Explore
Quiz From the Vault
Featured Blog Post
Where Did the Easter Bunny Come From?
hide this ad
You Might Also Like...
Tags
Artist Quiz
Bands Quiz
Rock Quiz
Song Quiz
Featured
lego
Today's Top Quizzes in Gaming
Browse Gaming
hide this ad
Today's Top Quizzes in Rock
Browse Rock
Top Contributed Quizzes in Gaming
1
5-to-1: Consoles
2
7-to-1: Board Game Piece Blitz
3
5-to-1: Legend of Zelda
4
League of Legends Pro Players by Career/Team History
5
Destiny 2 exotic weapons by perk icons
6
Ultimate Genshin Impact Logic Puzzle (up to 4.3)
7
Quick Pick: Video Games Lost in Translation
8
Franchise by Action Figure
9
Who's on the WWE 2K24 Cover?
10
Genshin Impact Logic Puzzle Quiz
Explore More
Trending Topics
Anime
Marvel
NBA
Kpop
Crossword
Harry Potter
Disney
Puzzle
The Office
Pokémon
NFL
WWE
Song
Country
Soccer
hide this ad
More By:
mambo5
Quiz
Plays
Rating
Category
Featured
Created
The Legend of Korra Characters Slideshow
3,043
4.67
Television
Aug 11, 2014
Super Smash Bros Wii U and 3DS Characters
2,965
4.90
Gaming
Jun 16, 2013
Rolling Stone's Top 50 Artists
731
3.20
Music
Feb 5, 2010
Football Teams That Never Won a Super Bowl
453
2.25
Sports
Jan 18, 2010
Movies in the Marvel Cinematic Universe
449
3.43
Movies
Apr 6, 2014
Go to Creator's Profile
Score Distribution
Quiz Creator Spotlight
mambo5
Follow
Send a Message
Quizzes Created
-
Created Quiz Play Count
-
More By This Creator
Popular Quizzes Today
1
Find the US States - No Outlines Minefield
2
Find the Countries of Europe - No Outlines Minefield
3
The Countries of the World
4
Find the US States
5
Risky Map Clicking: Biggest States A-Z
6
US States
7
Popular People in 1961
8
Movies - When Are They Set?
More Gaming Quizzes
Teamfight Tactics Classes
Curator's Pick
Trending Quizzes
Risky Map Clicking: Least Populous States A-Z
USA Borders Longest to Shortest
1-10 Letter G Words
1-10 Letter F Words
Countries of the World: 200 Million BC
Recently Updated
Leaping Animals
pecheneg
Reality TV Shows (A-Z)
bhenderson79
Rickey Henderson's Hall of Fame Teammates
pecheneg
Champions League XIs: Arsenal
pecheneg
Quick Pick: Celebrities in WWE's Hall of Fame
aduchscher
A-Z Keypad Blitz II
pecheneg
Multiple Oscar Actors
pecheneg
Mystery Phrase Blitz: Oscar 'Best Actors'
pecheneg
F. Scott Fitzgerald Novels
LTH
Pick 3 Villains
ddd62291
Trending Topics
Crossword
Marvel
Kpop
Anime
Harry Potter
NBA
Disney
NFL
Country
Soccer
WWE
Puzzle
The Office
Pokémon
Song
Your Account Isn't Verified!
In order to create a playlist on Sporcle, you need to verify the email address you used during registration. Go to your
Sporcle Settings
to finish the process.
Report this User
Report this user for behavior that violates our
Community Guidelines
.
Details:
Send Report
Go to the Sporcle.com Mobile Site →
Comments